000
00240nam a2200109 a 4500
005
20140414132050.0
008
110330s19uu xx 00 eng d
050
_a
P
_b
FOR
245
_a
Force and motion.
999
_c
114130
_d
114130